| 000 | 00377nam a2200145Ia 4500 | ||
|---|---|---|---|
| 005 | 20251222153603.0 | ||
| 008 | 251222s9999||||xx |||||||||||||| ||spa|| | ||
| 020 | _a9788496504134 | ||
| 082 | _a616/B24 | ||
| 100 | _aBartra Tomás, Joan | ||
| 245 | 0 | _aGuía de Alergología para Atención Primaria | |
| 250 | _a1ra.ed. | ||
| 264 | _bLABORATORIOS MENARINI S.A. | ||
| 942 | _cLIB | ||
| 999 |
_c31325 _d31325 |
||